书目信息 |
| 题名: |
当代中国旅游购物研究
|
|
| 作者: | 刘德谦 , 石美玉 著 | |
| 分册: | ||
| 出版信息: | 北京 中国旅游出版社 2014.03 |
|
| 页数: | 321页 | |
| 开本: | 23cm | |
| 丛书名: | 旅游理论与实践前沿丛书 | |
| 单 册: | ||
| 中图分类: | F592.68 | |
| 科图分类: | ||
| 主题词: | 旅游商品--研究--中国 , 旅游商品 | |
| 电子资源: | ||
| ISBN: | 978-7-5032-4931-0 | |
| 000 | 01066oam2 2200301 450 | |
| 001 | 0120141274070 | |
| 005 | 20140610103121.98 | |
| 010 | @a978-7-5032-4931-0@dCNY52.00 | |
| 100 | @a20140422d2014 em y0chiy0110 ea | |
| 101 | 0 | @achi |
| 102 | @aCN@b110000 | |
| 105 | @aak z 000yy | |
| 106 | @ar | |
| 200 | 1 | @a当代中国旅游购物研究@9dang dai zhong guo lu^ you gou wu yan jiu@dResearch of contemporary Chinese tourism@f刘德谦,石美玉著@zeng |
| 210 | @a北京@c中国旅游出版社@d2014.03 | |
| 215 | @a321页@c图@d23cm | |
| 225 | 2 | @a旅游理论与实践前沿丛书 |
| 330 | @a本书主要内容包括:旅游购物问题的实证研究;河北衡水湖国家级自然保护区苇草工艺品市场调研;旅游购物研究续论;旅游购物延伸阅读等。 | |
| 333 | @a旅游业研究者 | |
| 461 | 0 | @12001 @a旅游理论与实践前沿丛书 |
| 510 | 1 | @aResearch of contemporary Chinese tourism@zeng |
| 606 | 0 | @a旅游商品@x研究@y中国 |
| 606 | 0 | @a旅游商品 |
| 690 | @aF592.68@v5 | |
| 701 | 0 | @a刘德谦@9liu de qian@4著 |
| 701 | 0 | @a石美玉@9shi mei yu@4著 |
| 801 | 0 | @aCN@b人天书店@c20140422 |
| 905 | @b846524-26@dF592.68@e405@f3 | |
| 当代中国旅游购物研究=Research of contemporary Chinese tourism/刘德谦,石美玉著.-北京:中国旅游出版社,2014.03 |
| 321页:图;23cm.-(旅游理论与实践前沿丛书) |
| 使用对象:旅游业研究者 |
| ISBN 978-7-5032-4931-0:CNY52.00 |
| 本书主要内容包括:旅游购物问题的实证研究;河北衡水湖国家级自然保护区苇草工艺品市场调研;旅游购物研究续论;旅游购物延伸阅读等。 |
| ● |
| 相关链接 |
|
|
|
|
正题名:当代中国旅游购物研究
索取号:F592.68/405
 
预约/预借
| 序号 | 登录号 | 条形码 | 馆藏地/架位号 | 状态 | 备注 |
| 1 | 846524 | 208465249 | 第一样本阅览室/ [索取号:F592.68/405] | 在馆 | |
| 2 | 846525 | 208465258 | 第一借阅区/ [索取号:F592.68/405] | 在馆 | |
| 3 | 846526 | 208465267 | 密集书库-资源管理系/ [索取号:F592.68/405] | 在馆 |